000 00870nam a2200277 i 4500
001 000042336
003 DO-SdBNP
005 20260122081853.0
007 ta
008 100519s2013 dr a 000 0 spa d
020 _a9789945472288
040 _aDO-SdBNP
_bspa
_cBNPHU
_erda
041 _aspa
082 _axxx
_bS276f
_222
100 1 _aSbriz, Luciano
_eautor
_958523
245 1 0 _aFísica I :
_bprácticas de laboratorio /
_cLuciano Sbriz.
264 _aSanto Domingo :
_bInstituto Tecnológico De Santo Domingo,
_bÁrea de Ciencias Básicas y Ambientales,
_c2013.
300 _a88 páginas :
_bilustraciones ;
_c28 cm.
336 _ardacontent
_btexto
_2txt
337 _ardamedia
_bsin mediación
_2n
338 _ardacarrier
_bvolumen
_2nc
504 _aIncluye bibliografías página 87
590 _aInventariado 2026/DG
910 _aDG
942 _2ddc
_cLBS1
999 _c41825
_d41825